| 000 | 00366nam a2200157Ia 4500 | ||
|---|---|---|---|
| 008 | 210210b xxu||||| |||| 00| 0 eng d | ||
| 041 | _aeng | ||
| 082 | _a829/323 | ||
| 100 | _aDIX (Maurice B) | ||
| 245 | _aTwisted evidence | ||
| 260 |
_aLondon _bWard Lock & Co Ltd., _c |
||
| 650 | _aTwisted | ||
| 650 | _aevidence | ||
| 690 | _aEnglish Fiction | ||
| 906 | _a016928 | ||
| 999 |
_c136851 _d136851 |
||